00369nam a2200157Ia 4500008004100000020001500041041001200056082001600068100001400084245003900098250000800137260002500145300000800170650001500178700001800193221030s9999 xx 000 0 und d a0070486697 aEnglish a105.23bEun aC. S. Eun 0aInternational Financial Management a2nd bTMHaNew Delhic2002 a524 aManagement aB. G. Resnick